banner-ar

ملك الرياضة امنحوتب الثانى : (Record no. 61827)

MARC details
000 -الفاتح
حقل البيانات ثابتة الطول 00983nam a22002417a 4500
005 - وقت وتاريخ اخر تعامل مع التسجيلة
رقم الضبط 20240530110518.0
008 - عناصر البيانات ثابتة الطول - معلومات عامة
حقل البيانات ثابتة الطول 160209s2013 su abo f b 000 0 ara d
017 ## - رقم الايداع القانونى
رقم الايداع القانونى 1433/9611
المصدر ( الهيئة المختصة) السعودية . مكتبة الملك فهد الوطنية
020 ## - الرقم الدولى المعيارى للكتب
الرقم الدولى المعيارى للكتاب 9786038120514
040 ## - مصدر الفهرسة
وكالة الفهرسة الأصلية EG-CaGPL
082 04 - رقم تصنيف ديوى العشرى
رقم الطبعة 21
رقم التصنيف 932.014
رقم المادة ق/ع م
100 0# - المدخل الرئيسى - إسم شخصى
الإسم الشخصى علاء الدين محمد محمد قابيل .
245 10 - بيان العنوان
العنوان ملك الرياضة امنحوتب الثانى :
بقية العنوان حياته و اعماله و اثاره /
بيان المسئوليه,etc علاء الدين محمد محمد قابيل .
250 ## - بيان الطبعة
بيان الطبعة ط1.
260 ## - PUBLICATION, DISTRIBUTION, ETC. (IMPRINT)
تاريخ النشر أو التوزيع 2013 .
300 ## - الوصف المادى
التعداد 400 ص :
تفاصيل ماديه اخرى للوعاء ايض ؛
أبعاد الوعاء 24 سم .
504 ## - تبصرة ببليوجرافية
تبصرة ببليوجرافية,الخ ببليوجرافية : ص 325 - 340
600 0# - المدخل الاضافى بالموضوع-اسم شخصى
الإسم الشخصى امونحتب الثانى .
650 04 - المدخل الاضافى بالموضوع-مصطلح موضوعى
مصطلح موضوعي الرياضة
التقسيم الفرعي العام تاريخ
التقسيم الفرعي الجغرافي مصر القديمة .
651 04 - المدخل الاضافى بالموضوع - اسم جغرافى
الاسم الجغرافي مصر القديمة
التقسيم الفرعي العام تاريخ .
942 ## - عناصر المدخل الإضافي( كوها)
مصدر التصنيف او مخطط الترفيف Dewey Decimal Classification
Koha [default] item type كتاب
260 ## - PUBLICATION, DISTRIBUTION, ETC. (IMPRINT)
-- الرياض :
-- دار الزهراء ،
Holdings
حالة التراجع حالة الفقد حالة تلف ليس للاعارة المكان المؤقت الموقع الحالى تاريخ الاكتساب اجمالي اﻻعارات رقم الطلب الباركود تاريخ اخر مشاهدة تاريخ تفعيل السعر نوع وعاء كوها
        مكتبة القاهرة الكبرى مكتبة القاهرة الكبرى 02/09/2016   932.014 ق/ع م 161252 02/09/2016 02/09/2016 كتاب

Powered By

EGPV